Private international law / (Record no. 22088)
[ view plain ]
| 000 -LEADER | |
|---|---|
| fixed length control field | 01591cam a22003135a 4500 |
| 001 - CONTROL NUMBER | |
| control field | 18579773 |
| 005 - DATE AND TIME OF LATEST TRANSACTION | |
| control field | 20160801121652.0 |
| 008 - FIXED-LENGTH DATA ELEMENTS--GENERAL INFORMATION | |
| fixed length control field | 150417s2014 uk fr 001 0 eng d |
| 010 ## - LIBRARY OF CONGRESS CONTROL NUMBER | |
| LC control number | 2015372609 |
| 020 ## - INTERNATIONAL STANDARD BOOK NUMBER | |
| International Standard Book Number | 9781845862343 |
| 020 ## - INTERNATIONAL STANDARD BOOK NUMBER | |
| International Standard Book Number | 1845862341 |
| 040 ## - CATALOGING SOURCE | |
| Original cataloging agency | DLC |
| Language of cataloging | eng |
| Transcribing agency | DLC |
| Modifying agency | EG-ScBUE |
| 042 ## - AUTHENTICATION CODE | |
| Authentication code | pcc |
| 043 ## - GEOGRAPHIC AREA CODE | |
| Geographic area code | e-uk-st |
| 082 04 - DEWEY DECIMAL CLASSIFICATION NUMBER | |
| Edition number | 22 |
| Classification number | 340.9 |
| Item number | HIL |
| 100 1# - MAIN ENTRY--PERSONAL NAME | |
| Personal name | Hill, David |
| 9 (RLIN) | 40578 |
| 245 10 - TITLE STATEMENT | |
| Title | Private international law / |
| Statement of responsibility, etc | David Hill. |
| 260 ## - PUBLICATION, DISTRIBUTION, ETC. (IMPRINT) | |
| Place of publication, distribution, etc | Edinburgh : |
| Name of publisher, distributor, etc | Edinburgh Univerity Press, |
| Date of publication, distribution, etc | c.2014. |
| 300 ## - PHYSICAL DESCRIPTION | |
| Extent | xxv, 166 p. ; |
| Dimensions | 22 cm. |
| 490 0# - Series Statement | |
| Series statement | Edinburgh law essentials |
| 500 ## - GENERAL NOTE | |
| General note | Includes index. |
| 505 0# - FORMATTED CONTENTS NOTE | |
| Miscellaneous information | Introduction -- Personal connecting factors -- Jurisdiction in civil and commercial matters -- Recognition and enforcement of foreign decrees -- Choice of law in contract -- Choice of law in non-contractural obligations -- Marriage and civil partnership -- Divorce and dissolution -- The proprietary consequences of marriage and divorce -- Maintenance -- Children -- Property -- Succession. |
| 520 ## - SUMMARY, ETC. | |
| Summary, etc | Suitable for students of law, this study guide provides comprehensive coverage of private international law. It provides a summary of the key elements and issues of PIL, as well as the statutes and Conventions (such as Brussels, Lugano) and EU Regulations applying throughout the UK. <br/> |
| 650 #7 - SUBJECT ADDED ENTRY--TOPICAL TERM | |
| Topical term or geographic name as entry element | Conflict of laws |
| Geographic subdivision | Scotland. |
| Source of heading or term | BUEsh |
| 9 (RLIN) | 40579 |
| 651 ## - SUBJECT ADDED ENTRY--GEOGRAPHIC NAME | |
| Source of heading or term | BUEsh |
| 653 ## - INDEX TERM--UNCONTROLLED | |
| Resource For college | Law |
| Arrived date list | July2016 |
| 856 41 - ELECTRONIC LOCATION AND ACCESS | |
| Materials specified | Table of contents only |
| Uniform Resource Identifier | <a href="http://www.loc.gov/catdir/enhancements/fy1509/2015372609-t.html">http://www.loc.gov/catdir/enhancements/fy1509/2015372609-t.html</a> |
| 942 ## - ADDED ENTRY ELEMENTS (KOHA) | |
| Source of classification or shelving scheme | Dewey Decimal Classification |
| Edition | 22 |
| Call number prefix | 340.9 HIL |
| Withdrawn status | Item status | Source of classification or shelving scheme | Damaged status | Not for loan | Home library | Current library | Shelving location | Date acquired | Source of acquisition | Cost, normal purchase price | Serial Enumeration / chronology | Total Checkouts | Total Renewals | Full call number | Barcode | Date last seen | Date last borrowed | Cost, replacement price | Koha item type |
|---|---|---|---|---|---|---|---|---|---|---|---|---|---|---|---|---|---|---|---|
| Dewey Decimal Classification | Central Library | Central Library | First floor | 01/08/2016 | Purchase | 224.00 | 26080 | 11 | 52 | 340.9 HIL | 000033044 | 05/04/2026 | 08/10/2024 | 280.00 | Book - Borrowing |